Controlling ako účinný nástroj optimálnej regulácie potrieb nákladov na realizáciu stavby
Operatívny controlling ako podsystém informačného systému stavebnej firmy. Predpoklady implementácie subsystému controlling. Obsah činnosti a postupných krokov v podsystéme controlling. Výhody zo zavedenia a využívania podsystému controlling.
Gespeichert in:
| 1. Verfasser: | |
|---|---|
| Format: | Buchkapitel |
| Sprache: | Slowakisch |
| Schlagworte: | |
| Tags: |
Keine Tags, Fügen Sie das erste Tag hinzu!
|
MARC
| LEADER | 00000naa a2200000 4500 | ||
|---|---|---|---|
| 001 | r040048 | ||
| 005 | 20230925100811.4 | ||
| 041 | 0 | |a slo | |
| 044 | |a SK | ||
| 245 | 1 | 0 | |a Controlling ako účinný nástroj optimálnej regulácie potrieb nákladov na realizáciu stavby |c František Mesároš |
| 520 | |a Operatívny controlling ako podsystém informačného systému stavebnej firmy. Predpoklady implementácie subsystému controlling. Obsah činnosti a postupných krokov v podsystéme controlling. Výhody zo zavedenia a využívania podsystému controlling. | ||
| 610 | 2 | 0 | |a kontroling |
| 610 | 2 | 0 | |a kontroling operatívny |
| 610 | 2 | 0 | |a stavebníctvo |
| 610 | 2 | 0 | |a firmy |
| 610 | 2 | 0 | |a systémy informačné |
| 610 | 2 | 0 | |a realizácia výstavby |
| 610 | 2 | 0 | |a znižovanie nákladov |
| 100 | 1 | |a Mesároš, František | |